|
|
|
|
| LEADER |
01166nam a22002657a 4500 |
| 001 |
AAL2026 |
| 003 |
BD-DhAAL |
| 005 |
20160311205933.0 |
| 008 |
160311s 1992bg ||||| |||| 00| 0 ben d |
| 020 |
|
|
|a 9844100046
|
| 040 |
|
|
|a BD-DhAAL
|c BD-DhAAL
|
| 082 |
|
|
|a 335.109
|
| 100 |
|
|
|a হোসেন, সৈয়দ আনোয়ার
|9 18421
|
| 245 |
|
|
|a সমাজতন্ত্রের সংকট :
|b নানা চোখে /
|c ভুমিকা সৈয়দ আনোয়ার হোসেন, সংকলন পারভেজ হোসেন
|
| 250 |
|
|
|a 1st ed.
|
| 260 |
|
|
|a ঢাকা :
|b মাওলা ব্রাদার্স,
|c ১৯৯২
|
| 300 |
|
|
|a ১৮০ পৃ. ;
|c ২২ সে.মি.
|
| 541 |
|
|
|e 2026
|
| 650 |
|
|
|a Socialism
|x History
|y 20th century.
|9 18422
|
| 650 |
|
|
|a Socialism.
|9 18423
|
| 700 |
|
|
|a হোসেন, পারভেজ
|9 18424
|
| 852 |
|
|
|a Savar Campus Library
|c General Shelf
|
| 942 |
|
|
|2 ddc
|c BK
|
| 999 |
|
|
|c 37069
|d 37069
|
| 952 |
|
|
|0 0
|1 0
|2 ddc
|4 0
|6 335_109000000000000_HOS
|7 0
|9 58323
|a SCL
|b SCL
|c GEN
|d 2016-03-11
|g 120.00
|l 3
|o 335.109 HOS
|p 3020002026
|r 2016-11-25
|s 2016-11-18
|t 1
|w 2016-03-11
|y BK
|